|
|
|
|
| LEADER |
01457nam a2200397Ia 4500 |
| 001 |
EBC3017768 |
| 003 |
MiAaPQ |
| 005 |
20200520144314.0 |
| 006 |
m o d | |
| 007 |
cr cn||||||||| |
| 008 |
090917s2010 nyua sb 001 0 eng d |
| 010 |
|
|
|z 2009037472
|
| 020 |
|
|
|z 9781608760565 (hbk.)
|
| 020 |
|
|
|a 9781617616679 (electronic bk.)
|
| 035 |
|
|
|a (MiAaPQ)EBC3017768
|
| 035 |
|
|
|a (Au-PeEL)EBL3017768
|
| 035 |
|
|
|a (CaPaEBR)ebr10654739
|
| 035 |
|
|
|a (OCoLC)923653614
|
| 040 |
|
|
|a MiAaPQ
|c MiAaPQ
|d MiAaPQ
|
| 050 |
|
4 |
|a HG1811
|b .C4573 2010
|
| 082 |
0 |
4 |
|a 332.1/1
|2 22
|
| 245 |
0 |
0 |
|a Central banking and globalization
|h [electronic resource] /
|c Marlon Cappello and Cristian Rizzo, editors.
|
| 260 |
|
|
|a New York :
|b Nova Science Publishers,
|c c2010.
|
| 300 |
|
|
|a xii, 177 p. :
|b ill.
|
| 440 |
|
0 |
|a Global economic studies series
|
| 504 |
|
|
|a Includes bibliographical references and index.
|
| 533 |
|
|
|a Electronic reproduction. Ann Arbor, MI : ProQuest, 2015. Available via World Wide Web. Access may be limited to ProQuest affiliated libraries.
|
| 650 |
|
0 |
|a Banks and banking, Central.
|
| 650 |
|
0 |
|a Globalization
|x Economic aspects.
|
| 650 |
|
0 |
|a International finance.
|
| 650 |
|
0 |
|a Monetary policy.
|
| 655 |
|
4 |
|a Electronic books.
|
| 700 |
1 |
|
|a Cappello, Marlon.
|
| 700 |
1 |
|
|a Rizzo, Cristian.
|
| 710 |
2 |
|
|a ProQuest (Firm)
|
| 856 |
4 |
0 |
|u https://ebookcentral.proquest.com/lib/matrademy/detail.action?docID=3017768
|z Click to View
|